Využitie virtuálnej reality pre oblasť terapie

Saved in:
Bibliographic Details
Main Author: Kremničanová, Alexandra (Author)
Other Authors: Kučera, Erik (Thesis advisor)
Format: Manuscript Book
Language:Slovak
Published: 2025
Subjects:
Online Access:http://is.stuba.sk/zp/portal_zp.pl?podrobnosti=184405
Tags: Add Tag
No Tags, Be the first to tag this record!

MARC

LEADER 00000ntm a22000003a 4500
001 stuzp102331
003 SK-STU
005 20250614211149.4
007 ta
008 150427s2015----xo-----f-mn---000-0-slo-d
040 |a STU  |b slo 
041 0 |a slo 
100 1 |a Kremničanová, Alexandra  |u 030400  |4 aut  |U FEI Fakulta elektrotechniky a informatiky  |T FEI Ústav automobilovej mechatroniky  |X 96925  |U E400  |Y 642  |7 96925 
242 0 1 |a Use of Virtual Reality for the Field of Therapy  |y eng 
245 1 0 |a Využitie virtuálnej reality pre oblasť terapie 
260 |c 2025 
650 4 |a phobias  |2 eng 
650 4 |a virtual reality  |2 eng 
650 4 |a Final thesis  |2 eng 
650 4 |a therapy by exposure  |2 eng 
650 4 |a fóbie  |2 slo 
650 4 |a expozičná terapia  |2 slo 
650 4 |a virtuálna realita  |2 slo 
650 4 |a záverečná práca  |2 slo 
700 1 |a Kučera, Erik  |u 030400  |k Z1  |4 ths  |U FEI Fakulta elektrotechniky a informatiky  |T FEI Ústav automobilovej mechatroniky  |X 55901  |U E400  |Y 642  |7 A000055901 
856 4 |u http://is.stuba.sk/zp/portal_zp.pl?podrobnosti=184405